Polo G Charting Songs (Billboard Hot 100) - Statistics

General Stats
  • This quiz has been taken 587 times
    152 since last reset
  • The average score is 16 of 49
Answer Stats
Album Weeks On Peak Artist(s) Song % Correct
Die a Legend 27 Weeks #11 Polo G ft. Lil Tjay Pop Out
93%
Hall of Fame 20 Weeks #1 (2 Weeks) Polo G RAPSTAR
92%
The Goat 9 Weeks #30 Polo G ft. Juice WRLD Flex
67%
Just Cause Y'all Waited 2 16 Weeks #43 Lil Durk ft. Lil Baby & Polo G 3 Headed Goat
65%
Non-Album Single 20 Weeks #23 NEIKED, Mae Muller & Polo G Better Days
57%
Hall of Fame 5 Weeks #33 Polo G & Lil Wayne Gang Gang
56%
The Goat 8 Weeks #62 Polo G 21
55%
The Goat 9 Weeks #60 Polo G ft. NLE Choppa & Stunna 4 Vegas Go Stupid
55%
Destined 2 Win 8 Weeks #42 Lil Tjay, Polo G & Fivio Foreign Headshot
55%
Legends Never Die 7 Weeks #10 Juice WRLD & Marshmello ft. Polo G & Kid LAROI Hate the Other Side
52%
The Goat 19 Weeks #61 Polo G Martin & Gina
49%
SoulFly 7 Weeks #22 Rod Wave ft. Polo G Richer
47%
Hall of Fame 2 Weeks #26 Polo G ft. The Kid LAROI & Lil Durk No Return
43%
The Goat 2 Weeks #57 Polo G ft. Lil Baby Be Something
40%
Hall of Fame 4 Weeks #47 Polo G Epidemic
36%
The Goat 1 Week #93 Polo G 33
35%
Welcome to O'Block 1 Week #66 King Von ft. Polo G The Code
35%
The Goat 1 Week #95 Polo G I Know
31%
Hall of Fame 1 Week #85 Polo G ft. DaBaby Party Lyfe
30%
Hall of Fame 1 Week #79 Polo G ft. Pop Smoke & Fivio Foreign Clueless
28%
Hall of Fame 2.0 1 Week #66 Polo G ft. Lil Baby Don't Play
28%
Fighting Demons 1 Week #56 Juice WRLD, Polo G & Trippie Redd Feline
28%
Hall of Fame 1 Week #83 Polo G ft. Rod Wave Heart of a Giant
27%
Hall of Fame 1 Week #63 Polo G Toxic
27%
Non-Album Single 2 Weeks #39 Polo G Distraction
26%
Me vs. Me 1 Week #89 NLE Choppa ft. Polo G Jumpin
25%
Non-Album Single 2 Weeks #69 Polo G ft. Future No Time Wasted
24%
F*ck Love 3: Over You 3 Weeks #41 Kid LAROI ft. Polo G & Stunna Gambino Not Sober
24%
Hall of Fame 1 Week #53 Polo G Black Hearted
23%
Hall of Fame 1 Week #59 Polo G Painting Pictures
22%
Trip at Knight 1 Week #56 Trippie Redd ft. Polo G & Lil Durk Rich Mf
22%
Hall of Fame 1 Week #97 Polo G Bloody Canvas
21%
Hall of Fame 2.0 1 Week #100 Polo G Partin Ways
20%
Diplo Presents Thomas Wesley Chapter 2: Swamp Savant 5 Weeks #64 Diplo ft. Jessie Murph & Polo G Heartbroken
19%
The Goat 1 Week #84 Polo G DND
17%
Hall of Fame 1 Week #86 Polo G ft. G Herbo Go Part 1
17%
Hall of Fame 1 Week #89 Polo G Boom
16%
Hall of Fame 2.0 1 Week #94 Polo G ft. Moneybagg Yo Start Up Again
16%
Non-Album Single 1 Week #68 Polo G Barely Holdin' On
15%
The Goat 1 Week #88 Polo G Don't Believe the Hype
15%
Culture III 1 Week #65 Migos ft. Polo G Malibu
15%
Virgo World 1 Week #90 Lil Tecca ft. Polo G & Lil Durk When You Down
14%
Venom: Let There Be Carnage (Original Motion Picture Soundtrack) 1 Week #78 Skylar Grey, Polo G, Mozzy & Eminem Last One Standing
13%
The Goat 1 Week #92 Polo G Beautiful Pain (Losin My Mind)
12%
25 1 Week #81 G Herbo ft. Polo G & Lil Tjay Cry No More
11%
Hall of Fame 2.0 6 Weeks #49 Polo G Bad Man (Smooth Criminal)
10%
Hall of Fame 2.0 1 Week #87 Polo G Young N Dumb
9%
A Gangsta's Pain 1 Week #80 Moneybagg Yo ft. Polo G & Lil Durk Free Promo
6%
Hall of Fame 1 Week #55 Polo G GNF (OKOKOK)
6%
No matching quizzes found
Score Distribution
Percent of People with Each Score
Percentile by Number Answered
Your Score History
You have not taken this quiz since the last reset